LEADER 01041nam a2200229 i 4500 001 000000186756 003 CaOOAMICUS 005 20100304000000.0 008 100304s1966 gw u000 u ger u 013 $a164811 040 $aSeMil$bita 245 10$aKarl Holl (1866-1926) :$bBriefwechsel mit Adolf von Harnack /$cherausgegeben von Heinrich Karpp. 260 $aTübingen :$bMohr Siebeck,$c1966. 300 $aVIII, 94 p. ;$c23 cm. 650 4$aHoll, Heinrich - Carteggio con Adolf von Harnack.$0(OLS)http://semarc/subject/35198 700 1 $aHoll, Adolf <1866-1926>.$0(OLS)http://semarc/name/43263 700 1 $aKarpp, Heinrich.$0(OLS)http://semarc/name/15557 700 1 $aHarnack, Adolf : von,$d<1851-1930>.$0(OLS)http://semarc/name/134 850 $aSeMil 852 $aSeMil$W1$xVenegono$y1$m2X II 253$j137443$B137443$CSeMilBibl$Z2$F148951 $81 996 $6245$aKarl Holl (1866-1926) :$bBriefwechsel mit Adolf von Harnack$9(OLS)http://semarc/title/268565 996 $6260$aTübingen :$bMohr Siebeck$9(OLS)http://semarc/publisher/30329 LEADER 00562nab a2200145 i 4500 001 000000275658 003 CaOOAMICUS 005 20110721000000.0 008 110721n xx uu u0 0und r 013 $a25047 040 $aSeMil$bita 245 10$a[SENZA TITOLO]. - [24] c. - In copertina :$bServizi disponibili in rete. 500 $a15 luglio 2011 [N. 1935]. 773 0 $t[2011.$dRoma : Società per l'Informazione Religiosa (SIR), stampa 2011.$w()203776 996 $6245$a[SENZA TITOLO]. - [24] c. - In copertina :$bServizi disponibili in rete.$9(OLS)http://semarc/title/361528